000 00962nam a2200265 4500
003 OSt
005 20260601171020.0
008 260520b2016\\\\xxua||||\||||\00|\0\eng\d
020 _a9780914738374
040 _aICI
_bspa
_cICI
041 _aeng
050 _aNA5235.D46
_bN68 2016
100 _eautor
_aHeinrich, Christoph
_934576
245 1 _aNot square :
_bthe Frederic C. Hamilton Building at the Denver Art Museum /
_cChristoph Heinrich
264 _aDenver, Colorado :
_bDenver Art Museum,
_c2016
300 _a270 páginas :
_bilustraciones
336 _2rdacontent
_atexto
337 _2rdamedia
_asin medio
338 _2rdacarrier
_avolumen
500 _aObra dedicada a la arquitectura y diseño del Frederic C. Hamilton Building del Denver Art Museum.
650 _aArquitectura de museos
_zEstados Unidos
_934577
650 _aArquitectura contemporánea
_zEstados Unidos
_934578
650 _aMuseos de arte
_zColorado
_934579
942 _2lcc
_n1
_cB
999 _c20859
_d20859